[Event "GER-chT Online Liga 1 GpA"]
[Site "Playchess.com INT"]
[Date "2021.03.23"]
[Round "7.3"]
[White "Schiermeyer, Lukas"]
[Black "Kollars, Dmitrij"]
[Result "0-1"]
[WhiteElo "1904"]
[BlackElo "2598"]
[PlyCount "80"]
[EventDate "2021.01.22"]
[EventType "team-tourn (rapid)"]
[EventRounds "7"]
[EventCountry "GER"]
[SourceTitle "EXT 2022"]
[Source "ChessBase"]
[SourceDate "2021.10.06"]
[SourceVersion "1"]
[SourceVersionDate "2021.10.06"]
[SourceQuality "1"]
[WhiteTeam "Osnabrueck SV"]
[BlackTeam "Deizisau"]
[WhiteTeamCountry "GER"]
[BlackTeamCountry "GER"]

1. e4 c5 2. c4 Nc6 3. Ne2 Nf6 4. Nbc3 e6 5. g3 d5 6. exd5 exd5 7. cxd5 Nxd5 8. Bg2 Ndb4 9. 0-0 Be7 10. d4 cxd4 11. Nb5 d3 12. Nf4 0-0 13. Be4 Ne5 14. a3 Nc2 15. Qh5 g6 16. Qxe5 Bf6 17. Qd6 Nxa1 18. Be3 Qxd6 19. Nxd6 Nc2 20. Bc5 Bd4 21. Bxd4 Nxd4 22. Nxd3 Rd8 23. Nxb7 Bxb7 24. Bxb7 Rab8 25. Ba6 Rd6 26. Bc4 Nf3+ 27. Kg2 Nd2 28. Ne5 Nxf1 29. Nxf7 Rd4 30. Ne5+ Rxc4 31. Nxc4 Rc8 32. b3 Rxc4 33. bxc4 Nd2 34. c5 Kf7 35. f4 Ke6 36. Kf2 a5 37. Ke3 Nc4+ 38. Kd4 Nxa3 39. Kc3 Nb5+ 40. Kc4 Na7 0-1

[Event "DSOL 01 Liga Gr-C 1st"]
[Site "Playchess.com INT"]
[Date "2020.07.09"]
[Round "3.3"]
[White "Bodnar, Alexander"]
[Black "Schiermeyer, Lukas"]
[Result "1-0"]
[WhiteElo "2143"]
[BlackElo "2081"]
[PlyCount "93"]
[EventDate "2020.06.22"]
[EventType "team-tourn (rapid)"]
[EventCountry "GER"]
[SourceTitle "EXT 2021"]
[Source "ChessBase"]
[SourceDate "2020.10.23"]
[SourceVersion "1"]
[SourceVersionDate "2020.10.23"]
[SourceQuality "1"]
[WhiteTeam "Norderstedt II"]
[BlackTeam "Osnabrueck SV"]
[WhiteTeamCountry "GER"]
[BlackTeamCountry "GER"]

1. Nf3 Nf6 2. c4 e6 3. g3 b6 4. Bg2 Bb7 5. 0-0 Be7 6. d4 d5 7. Ne5 0-0 8. Nc3 Nbd7 9. Qa4 Nxe5 10. dxe5 Ne4 11. cxd5 Nxc3 12. bxc3 exd5 13. Rd1 c6 14. c4 Bc5 15. Bb2 Qe7 16. cxd5 cxd5 17. Bxd5 Bxd5 18. Rxd5 Rad8 19. Rad1 Rxd5 20. Rxd5 Qe6 21. Qd7 Qg6 22. Rd3 Qe4 23. e3 a5 24. Qd5 Qb4 25. Qb3 Qe4 26. Rd7 Qb1+ 27. Rd1 Qe4 28. Qd3 Qf3 29. Qd5 Qf5 30. Bd4 Qc2 31. Bxc5 bxc5 32. Rd2 Qc1+ 33. Kg2 h6 34. e6 fxe6 35. Qxe6+ Kh7 36. Qe4+ Kg8 37. Rc2 Qb1 38. Qc4+ Kh7 39. Qxc5 Qb7+ 40. Qc6 Qf7 41. a4 Qf5 42. Rd2 Kh8 43. h4 Rf6 44. Qd5 Qg4 45. Rd4 Qe2 46. Qa8+ Kh7 47. Qe4+ 1-0

[Event "Niedersachsen-ch op"]
[Site "Verden"]
[Date "2016.01.03"]
[Round "1"]
[White "Schiermeyer, Lukas"]
[Black "Ewert, Hannes"]
[Result "0-1"]
[WhiteElo "1881"]
[BlackElo "2054"]
[PlyCount "80"]
[EventDate "2016.01.03"]
[EventType "swiss"]
[EventRounds "7"]
[EventCountry "GER"]
[SourceTitle "EXT 2018"]
[Source "ChessBase"]
[SourceDate "2017.10.13"]
[SourceVersion "1"]
[SourceVersionDate "2017.10.13"]
[SourceQuality "1"]

1. e4 c5 2. Nf3 Nc6 3. Bb5 e6 4. 0-0 Qc7 5. c3 Nf6 6. Re1 a6 7. Bf1 Be7 8. d4 cxd4 9. cxd4 d5 10. e5 Nd7 11. a3 f6 12. exf6 Nxf6 13. Ng5 Qd6 14. g3 Nd8 15. Bf4 Qb6 16. b4 h6 17. Nf3 0-0 18. Ne5 Nc6 19. Ng6 Re8 20. Be3 Bd6 21. Nc3 Ne7 22. Ne5 Nf5 23. Na4 Qd8 24. Nc5 b6 25. Ncd3 Nd7 26. Rc1 Bb7 27. f4 Nxe5 28. Nxe5 a5 29. Qh5 Qe7 30. Bf2 Bxe5 31. dxe5 Qd7 32. g4 Ne7 33. Bxb6 d4 34. Qh3 Nd5 35. Bxd4 Nxf4 36. Qe3 Qd5 37. Kf2 Ng2 38. Qc3 Rf8+ 39. Ke2 Nxe1 40. Rxe1 Ba6+ 0-1

[Event "Niedersachsen-ch op-A"]
[Site "Verden"]
[Date "2015.01.04"]
[Round "6"]
[White "Schiermeyer, Lukas"]
[Black "Frese, Immo"]
[Result "1-0"]
[WhiteElo "1806"]
[BlackElo "1804"]
[PlyCount "53"]
[EventDate "2015.01.02"]
[EventType "swiss"]
[EventRounds "7"]
[EventCountry "GER"]
[SourceTitle "EXT 2018"]
[Source "ChessBase"]
[SourceDate "2017.10.13"]
[SourceVersion "1"]
[SourceVersionDate "2017.10.13"]
[SourceQuality "1"]

1. e4 e6 2. d4 d5 3. Nd2 Nf6 4. e5 Nfd7 5. Bd3 c5 6. c3 Nc6 7. Ne2 cxd4 8. cxd4 Qb6 9. Nf3 Be7 10. 0-0 0-0 11. Nc3 f6 12. exf6 Nxf6 13. a3 Bd7 14. Re1 Rae8 15. b4 Qc7 16. Nb5 Qb6 17. Bf4 e5 18. dxe5 Nxe5 19. Bxe5 Bxb5 20. Bd4 Qa6 21. Bf5 Bc4 22. Ng5 Kh8 23. Ne6 Qc6 24. Nxf8 Bxf8 25. Rxe8 Qxe8 26. Qe1 Qh5 27. Qe6 1-0